Singers With Most Youtube Subscribers - Statistics

General Stats
  • This quiz has been taken 90 times
  • The average score is 9 of 25
Answer Stats
# Artist % Correct
43.4 m Taylor Swift
85%
65.2 m Justin Bieber
79%
49.6 m Ariana Grande
66%
37.9 m Rihanna
62%
25.3 m Drake
59%
48.9 m Eminem
59%
41.4 m Katy Perry
58%
48.8 m Ed Sheeran
53%
29.7 m Selena Gomez
47%
43.8 m Billie Eilish
45%
32.8 m Bruno Mars
38%
33.9 m Shakira
38%
25.7 m The Weeknd
30%
28.3 m Shawn Mendes
26%
35.5 m Bad Bunny
22%
29.9 m Luis Fonsi
16%
25.0 m Wiz Khalifa
16%
53.8 m Marshmello
15%
34.0 m XXXTentacion
14%
34.4 m Daddy Yankee
12%
32.0 m J Balvin
10%
27.3 m Maluma
10%
33.9 m Ozuna
10%
40.2 m Alan Walker
8%
24.2 m Karol G
8%
No matching quizzes found
Score Distribution
Percent of People with Each Score
Percentile by Number Answered
Your Score History
You have not taken this quiz